000 00666nam a2200217Ia 4500
005 20250508165510.0
008 008 250505s9999 xx 000 0 eng d
020 _a978-81-250-5500-6
037 _aTextBook
040 _aFEDL
_beng
_cFEDL
041 _aeng
_2eng
084 _a004.67, GAR/R
_qFEDL
100 _aGardner Howard
245 0 _aApp generation: How todays's youth navigate identity, intimacy and imagination in a digital world
260 _aLondon, UK
_bYale University Press
_c2013
300 _axii, 244p.
365 _aGBP
_b16.99
700 _a Davis Katie
_9781020
942 _cTB
_h004.67, GAR/R
999 _c1395463
_d1395463